Metody issledovanija trekov

Gespeichert in:
Bibliographische Detailangaben
Hauptverfasser: Fleischer, Robert L. (Verfasst von), Price, P.Buford (Verfasst von), Walker, Robert M. (Verfasst von)
Format: Buch
Sprache:Russisch
Veröffentlicht: Moskva : Energoatomizdat, 1981
Tags: Tag hinzufügen
Keine Tags, Fügen Sie das erste Tag hinzu!

MARC

LEADER 00000nam a22000003a 4500
001 stu90102
005 20150617225623.4
008 040913s1981----xxr-----------------rus-d
040 |a STU  |b slo 
041 0 |a rus 
044 |a xxr 
080 |a 539.1.073 
100 1 |a Fleischer, Robert L.  |4 aut 
245 1 |a Metody issledovanija trekov 
260 |a Moskva :  |b Energoatomizdat,  |c 1981 
700 1 |a Price, P.Buford  |4 aut 
700 1 |a Walker, Robert M.  |4 aut 
996 |b E48170  |c E*48170  |l EE10  |s P  |a 0  |w stu90102_0001